[Event "GER-chT U14 Girls"]
[Site "Greifswald"]
[Date "2003.12.27"]
[Round "2.3"]
[White "Friedrichs, Anne Kathrin"]
[Black "Brjakow, Jennifer"]
[Result "1-0"]
[WhiteElo "1142"]
[BlackElo "1056"]
[PlyCount "65"]
[EventDate "2003.12.27"]
[EventType "team-swiss"]
[EventRounds "7"]
[EventCountry "GER"]
[SourceTitle "EXT 2022"]
[Source "ChessBase"]
[SourceDate "2021.10.06"]
[SourceVersion "1"]
[SourceVersionDate "2021.10.06"]
[SourceQuality "1"]
[WhiteTeam "Erfurt Empor U14 Girls"]
[BlackTeam "Delitzsch ESV U14 Girls"]
[WhiteTeamCountry "GER"]
[BlackTeamCountry "GER"]

1. e4 e5 2. Nf3 Nc6 3. Bb5 d6 4. d4 Bd7 5. Nc3 a6 6. Ba4 Nf6 7. 0-0 g6 8. Re1 Bg7 9. Bxc6 Bxc6 10. dxe5 dxe5 11. Qxd8+ Rxd8 12. Nxe5 Nxe4 13. Nxe4 Bxe4 14. Nd3 f5 15. f3 0-0 16. fxe4 fxe4 17. Rxe4 Bd4+ 18. Be3 Bf6 19. Bh6 Rfe8 20. Rae1 Rxe4 21. Rxe4 b6 22. Rf4 Rd6 23. g4 Be7 24. Ne5 b5 25. Rf7 Re6 26. Rg7+ Kf8 27. Rxh7+ Ke8 28. Rh8+ Bf8 29. Rxf8+ Ke7 30. Rf7+ Kd6 31. Bf4 Kd5 32. Rg7 Ke4 33. Rxg6 1-0

[Event "GER-chT U14 Girls"]
[Site "Greifswald"]
[Date "2003.12.27"]
[Round "1.3"]
[White "Riedel, Kristina"]
[Black "Friedrichs, Anne Kathrin"]
[Result "1-0"]
[WhiteElo "1467"]
[BlackElo "1142"]
[PlyCount "63"]
[EventDate "2003.12.27"]
[EventType "team-swiss"]
[EventRounds "7"]
[EventCountry "GER"]
[SourceTitle "EXT 2022"]
[Source "ChessBase"]
[SourceDate "2021.10.06"]
[SourceVersion "1"]
[SourceVersionDate "2021.10.06"]
[SourceQuality "1"]
[WhiteTeam "Leipzig Gohlis U14 Girls"]
[BlackTeam "Erfurt Empor U14 Girls"]
[WhiteTeamCountry "GER"]
[BlackTeamCountry "GER"]

1. e4 e5 2. Nf3 Nc6 3. d4 d6 4. Bb5 Bd7 5. 0-0 Qf6 6. d5 Nce7 7. Bxd7+ Kxd7 8. c4 c6 9. dxc6+ bxc6 10. Nc3 c5 11. Bg5 Qg6 12. Nxe5+ Kc7 13. Nxg6 Nxg6 14. Nb5+ Kd7 15. Qd5 Rb8 16. Qxf7+ N6e7 17. Rfd1 Rb6 18. e5 Nh6 19. Bxh6 gxh6 20. Rxd6+ Rxd6 21. exd6 a6 22. dxe7 Bxe7 23. Rd1+ Kc6 24. Na7+ Kb6 25. Qxe7 Rb8 26. Rd6+ Ka5 27. Nc6+ Ka4 28. Nxb8 Kb4 29. Nxa6+ Ka5 30. Qc7+ Ka4 31. Qxc5 h5 32. Qb4# 1-0